000 00636cam a22002053a 4500
001 27810
003 PGUSA
005 20140828083612.0
008 090114s2009||||xxu|||||s|||||000 | eng d
040 _aPGUSA
_beng
042 _adc
100 1 _aMüller, F. Max
_q(Friedrich Max),
_d1823-1900
245 1 0 _aChips From A German Workshop, Vol. V. :
_bMiscellaneous Later Essays
_h[electronic resource] /
_cF. Max Müller
260 _bProject Gutenberg,
_c2009
506 _aPublic domain in the USA.
516 _aElectronic text
830 0 _aProject Gutenberg
_v27810
856 4 0 _uhttp://www.gutenberg.org/ebooks/27810
942 _cEB
999 _c257065
_d257065